LEADER 01359nam--2200385---450- 001 990002827620203316 005 20090903161930.0 010 $a88-14-13076-0 035 $a000282762 035 $aUSA01000282762 035 $a(ALEPH)000282762USA01 035 $a000282762 100 $a20061019d2006----km-y0itay50------ba 101 $aita 102 $aIT 105 $a||||||||001yy 200 1 $a<>riforma del regime fiscale delle imprese: lo stato di attuazione e le prime esperienze concrete$eatti del convegno di Lecce del 25 giugno 2004$fa cura di Franco Paparella 210 $aMilano$cGiuffrè$d2006 215 $aIX, 285 p.$d24 cm 225 2 $aSaggi di diritto tributario$v6 410 0$12001$aSaggi di diritto tributario$v6 454 1$12001 461 1$1001-------$12001 606 0 $aSocietà commerciali$xTributi$yItalia$xCongressi$yLecce$z2004 676 $a343.4506802638 702 1$aPAPARELLA,$bFranco 801 0$aIT$bsalbc$gISBD 912 $a990002827620203316 951 $aXXIV.5.C 290 (IG VII 895)$b51444 G.$cXXIV.5.C 290 (IG VII)$d00214990 959 $aBK 969 $aGIU 979 $aFIORELLA$b90$c20061019$lUSA01$h1027 979 $aRSIAV4$b90$c20090903$lUSA01$h1619 996 $aRiforma del regime fiscale delle imprese: lo stato di attuazione e le prime esperienze concrete$9728755 997 $aUNISA LEADER 01123nam a22002651i 4500 001 991003582559707536 005 20030909105511.0 008 031111s1991 xxu|||||||||||||||||eng 020 $a0313274711 035 $ab12446610-39ule_inst 035 $aARCHE-047990$9ExL 040 $aDip.to Lingue$bita$cA.t.i. Arché s.c.r.l. Pandora Sicilia s.r.l. 082 04$a810.9358 100 1 $aKostelanetz, Richard$0317496 245 10$aPolitics in the African-American novel :$bJames Weldon Johnson, W.E.B. Du Bois, Richard Wright, and Ralph Ellison /$cRichard Kostelanetz 260 $aNew York :$bGreenwood Press,$c1991 300 $aXIV, 180 p. ;$c21 cm 440 0$aContributions in Afro-American and African studies ;$v143 650 4$aLetteratura americana$xAutori africani$xVita sociale 907 $a.b12446610$b02-04-14$c13-11-03 912 $a991003582559707536 945 $aLE012 810.935 8 KOS$g1$i2012000157361$lle012$o-$pE0.00$q-$rl$s- $t0$u2$v1$w2$x0$y.i12873342$z13-11-03 996 $aPolitics in the African-American novel$9179910 997 $aUNISALENTO 998 $ale012$b13-11-03$cm$da $e-$feng$gxxu$h0$i1